Studying the impact of household economic and community variables on child mortality

Uložené v:
Podrobná bibliografia
Hlavný autor: Schultz, Paul T.
Médium: Kniha
Jazyk:English
Vydavateľské údaje: New Haven Yale University 1984
Edícia:Center Paper no. 358
Tagy: Pridať tag
Žiadne tagy, Buďte prvý, kto otaguje tento záznam!

MARC

LEADER 00000nam a2200000 4500
001 c108596
005 20220404114352.8
041 0 |a eng 
044 |a US 
245 1 0 |a Studying the impact of household economic and community variables on child mortality  |c Paul T. Schultz 
264 1 |a New Haven  |b Yale University  |c 1984 
300 |a S. 215-235 
490 1 |a Center Paper  |v no. 358 
830 0 |a Center Paper  |v no. 358 
100 1 |a Schultz, Paul T.